000 00976nam a22001813i 4500
001 163324
003 ES-MaACL
005 20230906212722.0
008 020315s1882 sp |||| | spa d
040 _aEXT
_bspa
_cEXT
245 0 0 _aRepertorio-coleccion de la jurisprudencia española en materia criminal
_b: continuacion del repertorio alfabético ò diccionario /
_cformado por la redaccion de la revista de los tribunales.
260 _aMadrid :
_bGóngora, editores,
_c1882.
300 _av. ;
_c23 cm.
505 8 _aContiene: T. II. Que comienza por las sentencias publicadas desde 1º de Enero de 1882
597 1 _aVol. II (563 p.)
752 _aEspaña -
_dMadrid
852 _aES-MaACL
_jG-13273-13280
_z-- Enc. hol.
_q-- Sólo : Apéndice t. IV, 1887 (229 p.) -- Apéndice t. V, 1887 (254 p.) -- Apéndice t. VI, 1888 (298 p.) --Apéndice t. VII, 1889 (316 p.) -- Apéndice t. IX, 1891 (406 p.) -- Apéndice t. X, 1892 (303 p.) -- Apéndice t. XI, 1893 (267 p.)
999 _c163324
_d163324